000 00677nam a2200241 i 4500
001 C2-0288112
003 PPAK
005 20180728021259.0
008 080415s2006 nyua|||| ||||| | eng d
020 _a9780152047009
040 _aPPAK
_beng
_cPPAK
_erda
082 0 4 _a569.67
_223
090 0 0 _a569.67
_bWHE
_dRLCK
100 1 _aWheeler, Lisa,
_eauthor
245 1 0 _aMammoth on the move
264 1 _aNew York :
_bHarcourt, Inc. ,
_c2006
300 _a[30 pages] :
_bcolour illustrations ;
_c26 cm
336 _2rdacontent
_atext
337 _2rdamedia
_aunmediated
338 _2rdacarrier
_avolume
650 1 0 _aWoolly mammoth - Juvenile literature
942 _ddc
_cB
999 _c93747
_d93747